| 000 | 00862 a2200169 4500 | ||
|---|---|---|---|
| 003 | Nust | ||
| 005 | 20221202113104.0 | ||
| 040 | _cNust | ||
| 082 | _a538.74,RYD | ||
| 100 |
_a Ryder, R. W. _941454 |
||
| 245 |
_aEarthing principles and practice / _c Ryder, R. W. |
||
| 260 |
_aLondon, _bPitman _c[1952] |
||
| 300 |
_axi, 108 p. _billus. 22 cm. |
||
| 505 | _aPhysical Characteristic of the Earth (Page-5), The Resistance of Electrodes to Earth (Page-12), High Voltage Earthling (Page-23), Lightning Protection (Page-36), The Human Elements (Page-41), Consumer’s Earthling (Page-45), Earth Projection on Low Voltage Networks (Page-60), Measurement of Earth Resistance (Page-68), Current-Carrying Capacity of Earth Electro modes (Page-77), Special Effects (Page-83). | ||
| 650 |
_aEarthing principles and practice. _9103995 |
||
| 942 |
_2ddc _cBK _k538.74,RYD |
||
| 999 |
_c184468 _d184468 |
||